00476nam a2200193Ia 4500003000900000008004100009040001300050040001300063041000800076100002700084100000900111245008500120250001200205260001200217260000900229300001200238490000600250600002600256IT-RoPAU120407s9999 xx 000 0 und d aIT-RoPAU cIT-RoPAU aita aG. Johannes Botterweck ccur. aGrande lessico dell’Antico Testamento. A cura di G.J. Botterweck e H. Ringgren aBrescia aPaideia c1988 c24,5 cm v1 a"XVI/2.110 p. - 54* "